Enciclopedia yucatanense : bibliografía general yucatanense : índices generales /
Este octavo tomo de la Enciclopedia Yucatanense (único en biblioteca) reúne el índice bibliográfico de las obras de yucatecos, sobre Yucatán e impresos en Yucatán.
Збережено в:
| Інші автори: | |
|---|---|
| Формат: | Книга |
| Мова: | Іспанська |
| Предмети: | |
| Теги: |
Немає тегів, Будьте першим, хто поставить тег для цього запису!
|
MARC
| LEADER | 00000nam^a2200000^a^4500 | ||
|---|---|---|---|
| 001 | 000111354 | ||
| 005 | 20250521000000.0 | ||
| 009 | 20260310093829.758 | ||
| 037 | |a Acervo ITESO - Biblioteca | ||
| 041 | |a ESP | ||
| 082 | |a 972. 650016 |b ECH V. 8 | ||
| 100 | |a Echánove Trujillo, Carlos Alberto |e (dir.) | ||
| 240 | 1 | 1 | |a [Enciclopedia yucatanense] |
| 245 | 1 | 0 | |a Enciclopedia yucatanense : |b bibliografía general yucatanense : índices generales / |c Dir. de C.A. Echánove Trujillo. |
| 264 | |a Mérida, México : |b Gobierno del Estado de Yucatán, |c fecha no identificada | ||
| 300 | |a 1022 p. | ||
| 336 | |a texto |b txt |2 rdacontenido | ||
| 337 | |a sin mediación |b n |2 rdamedio | ||
| 338 | |a volumen |b nc |2 rdasoporte | ||
| 520 | |a Este octavo tomo de la Enciclopedia Yucatanense (único en biblioteca) reúne el índice bibliográfico de las obras de yucatecos, sobre Yucatán e impresos en Yucatán. | ||
| 649 | |a XX | ||
| 650 | |a Yucatán - |x Historia - |x Enciclopedias y Diccionarios | ||
| 650 | |a Yucatán - |x Historia - |x Bibliografías | ||
| 650 | |a Yucatán - |x Bibliografías | ||
| 650 | |a México - |x Historia - |x Bibliografías | ||
| 650 | |a México - |x Bibliografías | ||
| 650 | |a Bibliografías | ||
| 910 | |a Fondo Salvador Reynoso Reynoso | ||
| 920 | |a Impresos - Libros | ||
| 930 | |a Fondos Especiales | ||
| 905 | |a 112 | ||
| 901 | |a 0800001386 |b IT2 |c ESP |u 20250521 | ||
| 902 | |a https://opac.biblio.iteso.mx/vufind/Record/000111354 | ||